Modernist women writers and spirituality : a piercing darkness /

Bibliographic Details
Corporate Author: ProQuest (Firm)
Other Authors: Radford, Andrew (Editor)
Format: eBook
Language:English
Published: London : Palgrave Macmillan, [2016]
Subjects:
Online Access:Connect to the full text of this electronic book

MARC

Tag First Indicator Second Indicator Subfields
LEADER 00000cam a2200000zi 4500
001 in00004047749
006 m |o d |
007 cr |n|||||||||
008 170111s2016 enk o 000 0 eng d
005 20221130133307.7
020 |a 9781137530363 (electronic bk.) 
020 |a 1137530367 (electronic bk.) 
020 |z 1137530359 
020 |z 9781137530356 
024 8 |a 99980761203 
035 |a (NhCcYBP)ebc4773678 
035 |a in00004047749 
040 |a NhCcYBP  |c NhCcYBP  |d UtOrBLW 
050 4 |a PR116  |b .M63 2016 
082 0 4 |a 820.99287  |2 23 
245 0 0 |a Modernist women writers and spirituality :  |b a piercing darkness /  |c Andrew Radford, Heather Walton, Elizabeth Anderson, editors. 
264 1 |a London :  |b Palgrave Macmillan,  |c [2016] 
300 |a 1 online resource. 
336 |a text  |b txt  |2 rdacontent 
337 |a computer  |b c  |2 rdamedia 
338 |a online resource  |b cr  |2 rdacarrier 
588 |a Description based on print version record. 
500 |a Electronic resource. 
650 0 |a English literature  |x Women authors  |x History and criticism  |v Congresses. 
655 7 |a Electronic books.  |2 local 
700 1 |a Radford, Andrew,  |e editor.  |0 http://id.loc.gov/authorities/names/n81055361 
710 2 |a ProQuest (Firm)  |0 http://id.loc.gov/authorities/names/n2007068018 
776 1 8 |c Original  |z 1137530359  |z 9781137530356 
856 4 0 |u https://ebookcentral.proquest.com/lib/tamucs/detail.action?docID=4773678  |z Connect to the full text of this electronic book  |t 0 
955 |a YBP purchased DDA e-records 
980 |b 178.00  |g 1 
987 |a ybp13315013 
999 f f |s 03a40de9-0572-4228-af0d-7dde64b2edad  |i 39385d2d-b3a3-3f86-b6f1-85f686d8d9fd  |t 0 
952 f f |a Texas A&M University  |b College Station  |c Electronic Resources  |d Available Online  |t 0  |e PR116 .M63 2016  |h Library of Congress classification 
998 f f |a PR116 .M63 2016  |t 0  |l Available Online